Нормален изглед
MARC изглед
- Куюмджиев, Т.
Вход 01. Лично име
001 - Контролен номер на записа
- Контролно поле: 425081
003 - Код на организацията, даваща контролен номер
- Контролно поле: BLK
005 - Дата и час на последна промяна на записа
- Контролно поле: 20200807103345.0
008 - Данни с фиксирана дължина – обща информация
- Данни с фиксирана дължина : 200807|| aca||aabn | a|a d
100 ## - ИМЕ НА ЛИЦЕ -ПЪРВИЧНА ИНТЕЛЕКТУАЛНА ОТГОВОРНОСТ
- Лично име: Куюмджиев, Т.
- Ключова дума за отношение: Прев. от рус.
942 ## - Системна служебна употреба
- Koha auth type: PERSO_NAME